000 00984nam2a22002411 4500
001 rc\849756
005 20250622102705.0
035 _a(NLR Aleph) 006238848
090 _a6647869
_c6647869
100 _a20041129d1984 |||y0rusy50 ca
101 0 _arus
102 _aRU
105 _aa |||||||||
200 0 _aЧ. 1
210 _d1984
_aБ. м.
215 _a73 с.
_cил.
320 _aБиблиогр.: с. 72 (14 назв.)
461 0 _1001rc\849755
_12001#$aМиниатюрные многоканальные частотно-избирательные устройства СВЧ$e[Учеб. пособие]$vЧ. 1
_1700#1$aОсипов$bЛ.С.
_96647861
_aОсипов, Л.С.
_cМ.
_d1984-
_nБ. и.
_o[Учеб. пособие]
_tМиниатюрные многоканальные частотно-избирательные устройства СВЧ
_vЧ. 1
801 0 _aRU
_bNLR
_gpsbo
801 1 _aRU
_bELAR
_2rusmarc
852 _aNLR
_j85-4/8990
942 _cBOOK
980 _aNB